LEADER 02396oam 22005414a 450 001 9910792656903321 005 20170922081408.0 010 $a1-4529-5392-9 035 $a(CKB)3710000001010308 035 $a(MiAaPQ)EBC4745541 035 $a(OCoLC)967982714 035 $a(MdBmJHUP)muse56612 035 $a(EXLCZ)993710000001010308 100 $a20160825d2017 uy 0 101 0 $aeng 135 $aurcnu|||||||| 181 $2rdacontent 182 $2rdamedia 183 $2rdacarrier 200 14$aThe Financial Imaginary$b[electronic resource] $eEconomic Mystification and the Limits of Realist Fiction /$fAlison Shonkwiler 210 1$aMinneapolis, Minnesota ;$aLondon, [England] :$cUniversity of Minnesota Press,$d2017. 210 4$d©2017 215 $a1 online resource (200 pages) 300 $aIncludes index. 311 $a1-5179-0152-9 320 $aIncludes bibliographical references and index. 327 $aIntroduction: Representing financial abstraction in fiction -- Virtue unrewarded: financial character in the economic novel -- Reagonomic realisms: real estate, character, and crisis in Jane Smiley's Good faith -- Epic compensations: corporate totality in Frank Norris's The octopus and Richard Powers's Gain -- Financial sublime: virtual capitalism in Don DeLillo's Cosmopolis -- Liquid realisms: global asymmetry and mediation in Teddy Wayne's Kapitoil and Mohsin Hamid's How to get filthy rich in raising Asia -- Epilogue: Literary realism and finance capital. 606 $aEconomics and literature$zUnited States$xHistory$y20th century 606 $aCapitalism and literature$zUnited States$xHistory$y20th century 606 $aRealism in literature 606 $aFinance in literature 606 $aMoney in literature 606 $aAmerican fiction$y20th century$xHistory and criticism 608 $aElectronic books. 615 0$aEconomics and literature$xHistory 615 0$aCapitalism and literature$xHistory 615 0$aRealism in literature. 615 0$aFinance in literature. 615 0$aMoney in literature. 615 0$aAmerican fiction$xHistory and criticism. 676 $a813.009/3553 700 $aShonkwiler$b Alison$01530663 801 0$bMdBmJHUP 801 1$bMdBmJHUP 906 $aBOOK 912 $a9910792656903321 996 $aThe Financial Imaginary$93775864 997 $aUNINA LEADER 02303nam 2200349z- 450 001 996344243403316 005 20231214141234.0 010 $a3-8452-3323-0 035 $a(CKB)3710000000957353 035 $a(oapen)https://directory.doabooks.org/handle/20.500.12854/57832 035 $a(EXLCZ)993710000000957353 100 $a20202102d2011 |y 0 101 0 $ager 135 $aurmn|---annan 181 $ctxt$2rdacontent 182 $cc$2rdamedia 183 $acr$2rdacarrier 200 10$aDas Recht zwischen Reinheit und Realität$eHermann Cohen und die philosophischen Grundlagen der Rechtslehre Kelsens 210 $cNomos Verlagsgesellschaft mbH & Co. KG$d2011 225 1 $aWürzburger Vorträge zur Rechtsphilosophie, Rechtstheorie und Rechtssoziologie 311 $a3-8329-6848-2 330 $aHans Kelsen zählt ohne Frage zu den bedeutendsten Juristen des 20. Jahrhunderts. Doch war das Wesen seiner ""Reinen Rechtslehre"" rein juristisch? Das Buch untersucht eindringlich die tieferliegende philosophische Basis von Hans Kelsens Werk und widmet sich dazu ausführlich den Beziehungen zum Neukantianismus, wobei der Bedeutung von Hermann Cohen besondere Aufmerksamkeit geschenkt wird. Folgende Fragen erfahren eine genauere Untersuchung: Handelt es sich bei Kelsen wirklich um einen Neukantianer? Oder war Cohens Neukantianismus eine zwar mögliche, aber keineswegs zwingende Basis für Kelsens Ziel, eine echte Rechtswissenschaft zu etablieren? Wie verhält es sich genau mit der umstrittenen Grundnorm? Hat man sie als Hypothese oder als Funktion zu begreifen, und welche Relevanz hat Kelsens eigener Sinneswandel in diesem Punkt? Der Text des italienischen Rechtstheoretikers Agostino Carrino behandelt Grundfragen der Rechtslehre Hans Kelsens, deren weltweite Ausstrahlung immer noch zuzunehmen scheint und die mittlerweile auch in Deutschland die ihr gebührende Achtung erfährt. 517 $aRecht zwischen Reinheit und Realität 517 $aRecht zwischen Reinheit und Realität 610 $aAllgemeine Grundlagen des Rechts 610 $aRechtsmethodik 610 $aMethodenlehre 700 $aCarrino$b Agostino$4auth$0144079 906 $aBOOK 912 $a996344243403316 996 $aDas Recht zwischen Reinheit und Realität$93021680 997 $aUNISA